Jugadores de la NFL que han ganado el Super Bowl - Muerte Súbita! - Estadísticas

Estadísticas generales
  • Esta prueba ha sido intentada 95 veces
  • La puntuación promedio es 5 de 22
Answers on the Grid
Answers color-coded by a green-red scale on the quiz's grid according to % correct below.
Jerome Bettis
Drew Brees
Terrell Davis
Aaron Donald
Brett Favre
Nick Foles
Dan Fouts
Joe Greene
Marvin Harrison
Jason Kelce
Steve Largent
Ray Lewis
Ronnie Lott
Marshawn Lynch
Bruce Matthews
Dan Marino
Von Miller
Warren Moon
Randy Moss
Anthony Munoz
Walter Payton
John Riggins
Barry Sanders
Deion Sanders
Warren Sapp
Gale Sayers
Bruce Smith
Emmitt Smith
David Tyree
Doug Williams
Rod Woodson
Steve Young
 
Estadísticas de respuestas
Respuesta % Correcto
Jason Kelce
46%
Aaron Donald
37%
Ray Lewis
37%
Drew Brees
31%
Marshawn Lynch
31%
Steve Young
28%
Von Miller
28%
Brett Favre
26%
Nick Foles
26%
Terrell Davis
25%
Walter Payton
25%
Deion Sanders
24%
Jerome Bettis
19%
Warren Sapp
16%
David Tyree
15%
Emmitt Smith
15%
Rod Woodson
15%
Joe Greene
13%
Marvin Harrison
13%
John Riggins
12%
Ronnie Lott
12%
Doug Williams
6%
No se encontraron pruebas coincidentes
Distribución de puntuación
Porcentaje de gente con cada puntuación
Porcentaje por número respondido
Historial de tus puntuaciones
No has intentado esta prueba.